000
00276nam a2200121Ia 4500
008
190216s9999||||xx |||||||||||||| ||und||
100
_a
Null
245
0
_a
Hindi-Pad Bhasha Vithan Thatha Sahithya
260
_b
Current Books
300
_a
198
650
_a
Hindi
942
_c
BK
999
_c
15694
_d
15694